000 01393nam0a22003611 4500
001 RU\NLR\CVI\004843866
005 20260406074137.0
035 _a(NLR Aleph) 004843866
035 _av19\rc\1719409
090 _a13424050
_c13424050
100 _a20061002e19001900|||y0rusy50 ca
101 0 _arus
102 _aRU
105 _ay z |||||
200 1 _aЗамечательный арабский литературно-исторический памятник о России XVII века
210 _a[Санкт-Петербург]
_cБ.и.
_d[1900]
215 _a637-657 с.
_d25
300 _aВ конце текста криптоним: И. С-в
300 _aАвт. установлен по указ. к журн.
309 _aБез тит. л. и обл.
311 _aОтт. из "Ист. вестн.", нояб., 1900, т. 82
488 0 _12001#$aИсторический вестник$v1900, т. 82, нояб.
_tИсторический вестник
700 1 _4070
_aСоколов
_bИ. И.
_cцерковный историк
_f1865-1939
_gИван Иванович
_916402
_3RU\NLR\AUTH\7733394
790 1 _aС-в
_bИ.
_f1865-
801 0 _aRU
_bNLR
_gpsbo
801 0 _aRU
_bRuMoRGB
_2psbo
801 1 _aRU
_bProSoft-M
_2rusmarc
852 _aNLR
_jКрI-2915
899 _aНБ СПбГУ
942 _cBOOK
980 _aNB
980 _aKRCH